State animals of the United States - Statistics

General Stats
  • This quiz has been taken 170 times
  • The average score is 22 of 50
Answer Stats
Hint Answer % Correct
Georgia Deer, Whale
85%
Arkansas Deer
72%
Illinois Deer
72%
Michigan Deer
72%
Mississippi Deer
72%
Nebraska Deer
72%
New Hampshire Deer
72%
Ohio Deer
72%
Pennsylvania Deer
72%
South Carolina Deer
72%
Alabama Black bear
69%
Louisiana Black bear
69%
New Mexico Black bear
69%
West Virgina black bear
69%
Alaska Moose
66%
Maine Moose
66%
Wyoming Bison
55%
Kansas Bison (american buffalo)
55%
California Grizzly bear
55%
Montana Grizzly bear
55%
Hawaii Whale, Seal
52%
New York Beaver
44%
Oregon Beaver
44%
Oklahoma Bison
44%
Connecticut Sperm whale
44%
Utah Elk
41%
Idaho Horse (appaloosa)
41%
Vermont Horse (Morgan horse)
41%
North Dakota Horse (Nokota horse)
41%
New Jersey Horse
39%
South Dakota Coyote
37%
Delaware Fox
34%
Virginia Fox
34%
Florida Manatee, dolphin
32%
Tennessee Raccoon
32%
Colorado Sheep
32%
Nevada Sheep
32%
Wisonsin Badger
28%
Indiana Cardinal
27%
Kentucky Squirrel
24%
North Carolina Squirrel
24%
texas Armadillo
20%
Rhode Island Chicken (Rhode island red)
18%
Missouri Mule
17%
Washington Orca
15%
Arizona Ringtail
13%
Massachusetts Boston terrier
6%
Iowa Goldfinch
4%
Maryland Thoroughbred (horse)
3%
Minnesota Common loon
1%
No matching quizzes found
Score Distribution
Percent of People with Each Score
Percentile by Number Answered
Your Score History
You have not taken this quiz